| 000 | 00570nam a2200217 a 4500 | ||
|---|---|---|---|
| 001 | 0001-2149 | ||
| 003 | ELIB.Books | ||
| 008 | 190725 2010 eng | ||
| 020 | _a0806652241 | ||
| 092 |
_a277.3 _bAnd |
||
| 100 | _aAnderson, David W. | ||
| 245 | _aComing of Age | ||
| 260 |
_aMinneapolis _bAugsburg Fortress _c2006 |
||
| 300 |
_a214 _c23cm |
||
| 650 | _aYoung Men-Religious life | ||
| 856 |
_nKBTS Library _uKBTS Elib |
||
| 942 |
_2ddc _cBK |
||
| 990 | _a2 | ||
| 998 |
_aEnglishbooks.elf _ccat _e2019-07-25 _mcat _u2019-09-06 |
||
| 999 |
_c12149 _d12149 |
||